| 000 | 00806nam a22001817a 4500 | ||
|---|---|---|---|
| 999 |
_c1523 _d1523 |
||
| 003 | AR-CdUCM | ||
| 008 | 190227b ||||| |||| 00| 0 spa d | ||
| 020 | _a9786124548024 | ||
| 040 |
_aMUNICIPALIDAD PROVINCIAL DEL CUSCO _cBIBLIOTECA MUNICIPAL DEL CUSCO |
||
| 082 |
_a985.01 / _bG24 |
||
| 100 |
_aGarcilazo de la Vega, Inca. _9298 |
||
| 245 | _aComentarios reales de los incas / | ||
| 260 |
_aCusco : _bPiki E.R.I.L., _c[2009]. |
||
| 300 |
_a212 páginas ; _c20.5 cm. _bIlustraciones. |
||
| 505 | _a [Libro primero al libro noveno] Manco Cápac -- Sinchi Roca -- Lloque Yupanqui -- Mayta Capac -- Cápac Yupanqui -- Inca roca -- Yawar Huaca -- Viracocha -- Pachacuteq -- Inca Yupanqui -- Túpac yupanqui -- Huaina Capac -- Huascar -- Atahuallpa ... | ||
| 942 |
_2ddc _cLIBROS |
||
| 945 |
_alccs _d2019-02-27 |
||